000 00847nam a2200277Ia 4500
003 OSt
005 20220912145352.0
006 a|||||r|||| 00| 0
007 ta
008 220909b |||||||| |||| 00| 0 eng d
020 _a9788190452625 (hbd)
024 _a99893
037 _cTextual
040 _aCSL
_beng
_cCSL
041 _aeng
082 _aD65,8(B),2A.2, P8
100 _aHoda M N Ed.
111 _aNational conference on computing for nation development (2 : 8-9t-ruar : India)
245 0 _aProceedings of the 2nd national conference on computing for nation development:Indiacom 2008
260 _aNew Delhi
_bBVICAM
_c2008
300 _axxiv, 720p.
_ccm.
650 _aComputer Science
942 _hD65,8(B),2A.2, P8
_cTEXL
_2CC
999 _c30039
_d30039